| RUSMARC |
| 000 | | | 04306nac2a22002891x 450 | | 001 | | | ce2d8d3c-d027-46ac-af1d-9b521a096578 | | 005 | | | 20160406004216.0 | | 100 | ## | $a | 20151228l1920 k y0rusy50 ca | | 101 | 0# | $a | rus | | 102 | ## | $a | RU | | 105 | ## | $a | y z ||||| | | 122 | 0# | $a | d19201215 | | 200 | 1# | $a | Протокол № 604 заседания Малого Совета Народных Комиссаров от 15 декабря 1920 г. и материалы к §§ 1, 2, 4, 6, 7, 8, 9, 10, 12, 16 и 20 протокола. (Копии). Материалы к § 5 см. протокол 607, § 3. Материалы к § 15 см. протокол 605, § 1 | | | $j | 15 декабря 1920 | | 215 | ## | $a | 261 лист | | 251 | ## | $c | Дело | | 300 | ## | $a | Заголовок дела на папке: Протокол № 604 заседания МСНК от 15 декабря 1920 г. и материалы к §§ 1, 2, 4, 6, 7, 8, 9, 10, 12, 16 и 20 | | 300 | ## | $a | Листы: 19, 30, 34, 185, 194, 195, 233, 237 - малоконтрастные и трудночитаемые; 167 - поврежденный; 36, 40, 58, 59, 65, 66, 76, 186, 215а - красные чернила | | 300 | ## | $a | Рукописный и машинописный текст | | 324 | ## | $a | В деле имеются копии отдельных документов | | 330 | ## | $a | Входит в раздел описи: I. Секретариат. 1. Протоколы. б/ Протоколы Малого Совета Народных Комиссаров | | 461 | #0 | $1 | 001ad6baeac-e292-4829-90d1-2f4f65796a62 | | | $1 | 2001 | | | $a | СОВЕТ НАРОДНЫХ КОМИССАРОВ РСФСР (СНК РСФСР) | | | $1 | 251 | | | $c | Фонд | | | $1 | 852 | | | $j | 130 | | | $g | Р | | 462 | #0 | $1 | 0017393eac8-aea5-4181-b014-0a5beab45138 | | | $1 | 2001 | | | $a | 1920 г. | | | $v | Д. 147 | | | $1 | 251 | | | $c | Опись | | | $1 | 852 | | | $j | 4 | | 517 | 1# | $a | Протокол № 604 заседания МСНК от 15 декабря 1920 г. и материалы к §§ 1, 2, 4, 6, 7, 8, 9, 10, 12, 16 и 20 | | 601 | 01 | $3 | RU\NLR\AUTH\661074810 | | | $a | РСФСР | | | $b | Совет Народных Комиссаров | | 801 | #0 | $a | RU | | | $b | GA_RF | | 801 | #1 | $a | RU | | | $b | НПО Опыт | | | $c | 20151228 | | | $2 | rusmarc | | 801 | #2 | $a | RU | | | $b | ПБ им. Б.Н. Ельцина | | | $c | 20160406 | | | $g | RCR | | | $2 | rusmarc | | 852 | ## | $a | ГА РФ | | | $j | 147 | | 937 | ## | $d | 70262160 | | | $h | ПБ | | 035 | ## | $a | RuPRLIB51035337 |
|